000 00569nam a22001817a 4500
005 20160531153419.0
010 _aENG-115133
020 _a9789385288890
_c649.00
035 _aEN-98665
037 _bDBAD/PUB
082 _a954.12
100 _aShivdev Singh
245 _aBeyond the village pond :
_breflections on the culture of Punjab /
_cby Shivdev Singh
260 _aNew Delhi
_bSpeaking Tiger
_c2015
270 _a4381/4 Ansari Road, Daryaganj,
_bNew Delhi
_e110002
300 _a111p. :
_c24cm(pbk)
_bill.
942 _2ddc
_cEN
_mSHI
_h954.12
999 _c100041
_d100041